000 00457 a2200169 4500
001 189356
020 _a978-85-7013-066-2
040 _cMagnum
100 _aBraga, Gilda Maria
240 1 0 _aDesafios do impresso ao digital
_lPOR
245 1 0 _aDesafios do impresso ao digital
300 _a432
362 0 _a2009
440 1 _aIbict
697 _aRELALÇÕES INTERNACIONAIS, POLÍTICA MUNDIAL. POLÍTICA INTERNACIONAL. POLÍTICA EXTERNA
942 _cBK
999 _c189356
_d189356